000 02634cam a22004694i 4500
003 PE-LiUPU
005 20250731175632.0
008 150625s2003 sp a r b 000 0 spa d
020 _a8420537152
035 _a(Sirsi) i9788420537153
040 _aPE-LiUPU
_bspa
_cPE-LiUPU
_erda
049 _aPRUA
082 0 4 _a401.93
_bO94
_221
100 1 _aOwens, Robert E.,
_eautor.
245 1 0 _aDesarrollo del lenguaje /
_cRobert E. Owens.
250 _a5a
264 1 _aMadrid :
_bPearson Educación,
_c2003.
300 _a463 páginas :
_bilustraciones, tablas, figuras ;
_c24 centímetros
336 _atext
_2rdacontent
337 _aunmediated
_2rdamedia
338 _avolume
_2rdacarrier
500 _a"Glosario"(A-Y).
504 _aIncluye referencias bibliográficas.
505 0 _aEl territorio. -Modelos de desarrollo del lenguaje. -El desarrollo del niño. -Neurolingüística. -Bases cognitivas y perceptivas del lenguaje inicial. -Bases sociales y comunicativas del lenguaje inicial. -Procesos de aprendizaje del lenguaje en los niños. -El primer lenguaje. -Desarrollo semántico y pragmático en el niño preescolar. - El desarrollo de la forma del lenguaje durante el período preescolar. -Desarrollo pragmático y semántico a partir de la edad preescolar. -Desarrollo de la forma del lenguaje a partir de la edad escolar. - Diferencias en el lenguaje: el bilingüísmo. - Investigación y análisis del lenguaje. -Desórdenes y desarrollo.
526 _aP145
526 _aP127
526 _aP97
526 _aP35
526 _aP14
526 _aP07
541 _g0021-0002811;
541 _g0012-0003098;
650 0 4 _aAdquisición del lenguaje.
650 0 4 _aLenguaje de los niños.
_92058
942 _2ddc
_cBOOK
949 _a401.93 O94
_wDEWEY
_c1
_i55335
_d2015-9-7
_e2015-9-3
_lCCODEBUL1
_mBUL
_n1
_p17.00
_r0
_sY
_tBOOK
_u2015-6-25
_xSALUD
_PP33
_0COMPRA
_o.STAFF. Colección General
949 _a401.93 O94
_wDEWEY
_c2
_i75062
_lCCODEBUL1
_mBUL
_p34.00
_r0
_sY
_tBOOK
_u2016-12-6
_xSALUD
_PP33
_0COMPRA
_o.STAFF. Colección Ciencias de la Salud
994 _aC0
_bPEPRU
596 _a1
999 _a401.93 O94
_wDEWEY
_c44243
_i55335
_d44243
_e2019-9-10
_f2021-11-8
_g5
_lCCODEBUL1
_mBUL
_n2
_p17.00
_q1
_r0
_sY
_tBOOK
_u2015-6-25
_xEDUCACION
_PP33
_0COMPRA
_o.STAFF. Colección Ciencias de la Salud
999 _a401.93 O94
_wDEWEY
_c2
_i75062
_d2019-11-5
_e2018-6-7
_f2021-11-8
_g5
_lCCODEBUL1
_mBUL
_n3
_p34.00
_q5
_r0
_sY
_tBOOK
_u2016-12-6
_xEDUCACION
_PP33
_0COMPRA
_o.STAFF. Colección Ciencias de la Salud
980 _81
_gALBERTO SANCHEZ Responsable de Automatización